|
|
|
|
| LEADER |
00000nam a2200000 a 4500 |
| 001 |
vtls001077219 |
| 003 |
SK-MaSNL |
| 005 |
20260301000728.0 |
| 008 |
240318s1994 xo b f 000 0 slo |
| 015 |
|
|
|a SNBA1994/12
|
| 020 |
|
|
|a 8008001062
|
| 035 |
|
|
|a SNK000020053
|
| 035 |
|
|
|a urn:nbn:sk:snk-am3hfr4
|
| 035 |
|
|
|a 268EE9A2-AAE0-4075-9121-9B72EDEB5293
|
| 035 |
|
|
|a urn:nbn:sk:snk-am00cyr6
|
| 040 |
|
|
|a SNK
|b slo
|c SNK
|e AACR2
|
| 041 |
0 |
|
|a slo
|
| 044 |
|
|
|a xo
|c SK
|
| 080 |
|
|
|a 372.46(035)
|2 1981
|
| 100 |
1 |
|
|a Rýzková, Anna,
|d 1936-2015
|4 aut
|9 85965
|
| 245 |
1 |
0 |
|a Učíme sa pravopis v 4. ročníku základných škôl
|c Anna Rýzková, Jozefína Benková ; obál. Marta Pavlíková
|
| 250 |
|
|
|a 1. vyd.
|
| 260 |
|
|
|a Bratislava
|b Slovenské pedagogické nakladateľstvo
|c 1994
|e Bratislava
|f Svornosť
|
| 300 |
|
|
|a 80 s.
|c 14 cm
|
| 504 |
|
|
|a Bibliogr. odkazy
|
| 650 |
0 |
7 |
|a slovenčina
|2 SNKPH
|9 1350
|
| 650 |
0 |
7 |
|a pravopis
|2 SNKPH
|9 868
|
| 650 |
0 |
7 |
|a základné školy
|2 SNKPH
|9 1280
|
| 655 |
|
7 |
|a diktáty a cvičenia
|2 SNKPH
|9 70566
|
| 655 |
|
7 |
|a príručky
|2 SNKPH
|9 74364
|
| 700 |
1 |
|
|a Benková, Jozefína
|4 aut
|9 10909
|
| 700 |
1 |
|
|a Pavlíková, Marta
|4 bjd
|9 8323
|
| 919 |
|
|
|a 80-08-00106-2
|
| 958 |
|
|
|a SK
|
| 958 |
|
|
|a UO
|
| 958 |
|
|
|a TL
|
| 958 |
|
|
|a NB
|
| 999 |
|
|
|c 533355
|d 535285
|
| 952 |
|
|
|t P60, <04>, [BOOK], {604}
|a SNK
|b SNK
|y VYP
|7 0
|p 17A0079664
|o snkSE 8870 D1
|0 0
|1 0
|4 0
|d 1997-07-09
|l 0
|r 2004-12-31 00:00:00
|w 2026-02-23
|
| 952 |
|
|
|a SNK
|b SNK
|y PREZ
|7 0
|p 17A0787072
|o snkSE 8870
|0 0
|1 0
|4 0
|d 2012-01-25
|f 1
|l 0
|r 2026-02-23 12:15:01
|w 2026-02-23
|